Capitales des pays participant à la coupe du monde 2022 - Statistiques

Statistiques générales
  • Ce quiz a été pris 944 fois
    869 depuis la dernière actualisation
  • Le résultat moyen est 21 sur 32
Statistiques - réponses
Country Capital % Correct
France Paris
98%
Espagne Madrid
89%
Allemagne Berlin
86%
Angleterre Londres
85%
Portugal Lisbonne
83%
Brésil Brasilia
82%
Argentine Buenos Aires
80%
États-Unis Washington
77%
Pays-Bas Amsterdam
76%
Belgique Bruxelles
76%
Japon Tokyo
76%
Australie Canberra
74%
Maroc Rabat
73%
Qatar Doha
70%
Suisse Berne
69%
Mexique Mexico
67%
Tunisie Tunis
67%
Danemark Copenhague
66%
Pologne Varsovie
65%
Sénégal Dakar
64%
Canada Ottawa
64%
Corée du Sud Séoul
63%
Croatie Zagreb
63%
Uruguay Montevidéo
53%
Arabie Saoudite Riyad
51%
Serbie Belgrade
46%
Pays de Galles Cardiff
45%
Iran Téhéran
44%
Équateur Quito
42%
Cameroun Yaoundé
42%
Ghana Accra
30%
Costa Rica San José
30%
Aucun quiz correspondant
Distribution des résultats
% des personnes avec chaque résultat
Percentile par nombre de réponses
Votre historique - résultats
Vous n’avez pas pris ce quiz depuis la dernière actualisation